MARC

LEADER 00000nam0a2200000 4500
001 329774
005 20231102004208.0
035 |a (RuTPU)RU\TPU\book\355542 
035 |a RU\TPU\book\355541 
090 |a 329774 
100 |a 20170321d1980 k y0rusy50 ca 
101 0 |a rus 
102 |a RU 
105 |a a z 001zy 
200 1 |a Вопросы эксплуатации нефтепромысловых труб  |e [сборник]  |f Всесоюзный научно-исследователльский институт разработки и эксплуатации нефтепромысловых труб (ВНИИТнефть) ; под ред. С. М. Данелянца 
210 |a Куйбышев  |c Изд-во Гипровостокнефть  |d 1980 
215 |a 192 с.  |c ил. 
225 1 |a Труды [ВНИИТнефть]  |v Вып. 12 
320 |a Библиография в конце статей 
606 1 |a Нефтепромысловые трубы  |x Эксплуатация  |2 stltpush  |3 (RuTPU)RU\TPU\subj\45856  |9 65047 
610 1 |a напряжения 
610 1 |a сварные соединения 
610 1 |a прочностные характеристики 
610 1 |a бурильные трубы 
610 1 |a аварийное разрушение 
610 1 |a сталь 
610 1 |a химический состав 
610 1 |a механические свойства 
675 |a 622.276.05  |v 3 
702 1 |a Данелянц  |b С. М.  |4 340 
712 0 2 |a Всесоюзный научно-исследователльский институт разработки и эксплуатации нефтепромысловых труб (ВНИИТнефть)  |2 stltpush  |3 (RuTPU)RU\TPU\col\13989 
801 1 |a RU  |b 63413507  |c 20081020  |g PSBO 
801 2 |a RU  |b 63413507  |c 20170621  |g PSBO 
942 |c BK